00317pam a2200121 a 4500020001500000082001200015100002100027245002400048260003200072300004700104500002000151650002400171 a039397079500a547 JON1 aJones, Maitland,10aOrganic chemistry / aNew York :bNorton,cc1997. axxxiii, 1394, A36 p. :bill. (some col.) ; aIncludes index. 0aChemistry, Organic.